000
00210 a2200097 4500
001
52511
100
_a
Scrimgeour G I
245
_a
A Woman of Her Times
260
_a
London
_b
Pan Bo
_c
090
_c
32998
_d
32998
942
_a
NUST-CAE
_c
M
_c
25555
999
_c
287584
_d
287584